| 000 | 00657nam a2200205Ia 4500 | ||
|---|---|---|---|
| 005 | 20250507130249.0 | ||
| 008 | 008 250505s9999 xx 000 0 eng d | ||
| 037 | _aSeries Article | ||
| 040 |
_aEASL _beng _cEASL |
||
| 041 |
_aeng _2eng |
||
| 084 | _qEASL | ||
| 100 |
_aKostka Genia _9668702 |
||
| 245 | 0 | _aLocal energy efficiency policy implementation in China: Bridging the gap between national priorities and local interests | |
| 260 |
_aUK _bLondon Cambridge Univesity Press UK _c2012 |
||
| 300 | _a765-785p. | ||
| 650 |
_aChinese History; Energy _9755052 |
||
| 700 | _aHobbs William | ||
| 942 | _cSRA | ||
| 999 |
_c1318646 _d1318646 |
||